Cities of California Quiz Stats

 Plays Quiz not verified by Sporcle

Support Sporcle.
Go Orange.
Score 0/8 Timer 01:00
1 Play Today
% Correct
Los Angeles
97.5%
San Francisco
94.5%
San Diego
92.9%
Sacramento
90.2%
Long Beach
83.8%
San Jose
79.8%
Oakland
72.8%
Anaheim
59.5%

You're not logged in!

Compare scores with friends on all Sporcle quizzes.
OR
Log In
Forgot?

From the Vault

Actors & Actresses by Movie: 'G'

by kfastic

A collection of good, great, and grand actors and actresses.
Remove Ads.
Support Sporcle.
Get the best of Sporcle when you Go Orange. This ad-free experience offers more features, more stats, and more fun while also helping to support Sporcle. Thank you for becoming a member.

Show Comments

Extras

Top Quizzes Today


Score Distribution

Your Account Isn't Verified!

In order to create a playlist on Sporcle, you need to verify the email address you used during registration. Go to your Sporcle Settings to finish the process.

Report this User

Report this user for behavior that violates our Community Guidelines.

Details: